000 00610nam a2200265Ia 4500
005 20260306163755.0
008 008 260114s9999 xx 000 0 eng d
020 _a9780231519960
037 _aEBOOK
040 _aCRL
040 _beng
040 _cCRL
041 _2eng
041 _aeng
084 _qCRL
100 _aNebbitt
_91129331
245 0 _aAdolescents In Public Housing
260 _bColumbia University Press
260 _c2015
650 _aSocial Work
856 _uhttps://academic.oup.com/book/22526
942 _cEBOOK
999 _c1711440
_d1711440